Statistics for The Beatles Singles (A-Sides) 1965-1970

Click here to take the quiz!

General Stats

  • This quiz has been taken 790 times
  • The average score is 10 of 20

Answer Stats

YearAnswer% Correct
1970Let it Be
84%
1965Help!
79%
1968Hey Jude
78%
1967Penny Lane
66%
1965Yesterday
66%
1966Yellow Submarine
65%
1966Paperback Writer
63%
1969Get Back
62%
1969Something
59%
1967All You Need is Love
56%
1968Lady Madonna
53%
1965Ticket to Ride
52%
1965We Can Work it Out
49%
1967Hello, Goodbye
47%
1969The Ballad of John and Yoko
46%
1970The Long and Winding Road
44%
1965Eight Days a Week
36%
1966Nowhere Man
21%
1965 (cover)Roll Over Beethoven
10%
1965 (cover)Boys
3%

Score Distribution

Percentile by Number Answered

Percent of People with Each Score

Your Score History

You have not taken this quiz